00505cam a22002051 4500001001300000003000400013005001700017008004100034010001700075035002000092040001800112042001200130050002200142100002000164245002300184260004500207300001900252500001500271500001300286sa 68002649 DLC20260227112445.0900130q19601968ii 000 1 telo  asa 68002649  a(OCoLC)20974752 aDLCcWaUdDLC apremarc00aPL4780.9.S639bD30 aŚrīmūrti.10aDaivōpahatuḍu. aAmalapuram,bV. G. S. Publishersc[196-] a114 p.c18 cm. aIn Telugu. aA novel.